000 00998nam a22002777a 4500
100 1 _aАрнаудов, Михаил Петров
_933558
999 _c322579
_d322579
003 BLK
005 20240313005511.0
008 180419b bul||||| |||| 00| 0 bul d
040 _aBLK
041 _aBUL
_cBUL
080 _aБудизъм. Ламаизъм. Джайнизъм. Подразделя се като 291
_b294.3
139 _bА 87
245 _aБудда и буддизмът
_bСтудия
_cМ. Арнаудов
260 _aСофия
_c1902
300 _aс. 44-326
_c24 см
380 _a2
490 _9396381
_aЧастна колекция - Академик Михаил Арнаудов
_gДарение - Основен фонд
500 _aОтпеч. от сп. Мисъл, г. 12, кн. 1-5. - Мека подв., неразрязана
650 7 _9149253
_aБудизъм
852 _aМА 5084
942 _cKNG
_n0
_s1
999 _d322579
999 _d322579
999 _d322579
944 _k
_lCRON CRON